Clear thinking for composition /

Bibliographic Details
Main Author: Kytle, Ray
Format: Book
Language:English
Published: New York : Random House, [1969]
Subjects:

MARC

Tag First Indicator Second Indicator Subfields
LEADER 00000cam a2200000 4500
001 in00000447331
005 20151012161021.0
008 690710s1969 nyua b 00100 eng
010 |a  69018127  
035 |a (OCoLC)00012923 
035 |9 ABZ3748AM 
037 |c 1.75 
040 |a DLC  |c DLC  |d TXA  |d UtOrBLW 
049 |a TXAM  |c [1376596] 
050 0 0 |a PE1408  |b .K9 
082 0 |a 808/.042 
100 1 |a Kytle, Ray. 
245 1 0 |a Clear thinking for composition /  |c Consulting editors: Gregory Cowan and Elisabeth McPherson. 
264 1 |a New York :  |b Random House,  |c [1969] 
264 4 |c [©1969] 
300 |a x, 114 pages :  |b illustrations ;  |c 21 cm. 
336 |a text  |b txt  |2 rdacontent 
337 |a unmediated  |b n  |2 rdamedia 
338 |a volume  |b nc  |2 rdacarrier 
504 |a Bibliographical references included in "Notes" (pages [iii]) 
650 0 |a English language  |x Rhetoric. 
999 |a MARS 
999 f f |s 2b412688-5274-360c-95eb-590394ee9ba1  |i a0f6982f-359b-354a-b00b-c567cb3cbab9  |t 0 
952 f f |p ric  |a Texas A&M University  |b Rellis Campus  |c Joint Library Facility  |s JLF  |d Remote Storage  |t 0  |e PE1408 .K9  |h Library of Congress classification  |i unmediated -- volume  |m A14803594097 
998 f f |a PE1408 .K9  |t 0  |l Remote Storage